000 00745nam a2200193 a 4500
001 000039246
005 20201002031548.0
008 130617s2005 dr ac 000 0 spa d
020 _a9993474148
040 _aDO-SdBNP
_bspa
_cBNPHU
100 1 _aPeguero de Aza, Maximiliano
_915823
245 1 0 _aQuinientos años de historia de los pueblos del Este :
_borígen y evolución /
_cMaximiliano Peguero de Aza ; prólogo Ángel E. Martínez Santiago.
250 _a2a ed.
260 _aSanto Domingo :
_bImpresora Soto Castillo,
_c2005.
300 _a323 p. :
_bils., retrs. ;
_c22 cm.
500 _aIncluye datos biográficos del autor en la contracubierta
504 _aBibliografía : p. 321-323
700 1 _aMartínez Santiago, Ángel E.
_965453
999 _c38736
_d38736